000
00337nam a22001457a 4500
008
221003b ||||| |||| 00| 0 eng d
020
_a
9781429219563
041
_a
eng
080
_2
Third edition
_a
541
082
_a
541
100
_a
13.2
101
_a
KIMI
245
_a
Techniques in organic chemistry
_c
MOHRIG J
942
_2
udc
_c
BK
999
_c
58327
_d
58327